| 000 | 00773nam a2200205 a 4500 | ||
|---|---|---|---|
| 001 | 39358 | ||
| 005 | 20180714012903.0 | ||
| 008 | 140415s1987 sp 000 0 spa d | ||
| 020 | _a8425416221 | ||
| 041 | _aspa | ||
| 082 |
_a270 _bBIB |
||
| 100 | 1 | _aVILANOVA, EVANGELISTA | |
| 245 | 1 | 0 |
_aHISTORIA DE LA TEOLOGIA CRISTIANA : _bPRERREFORMA, REFORMAS, CONTRARREFORMA |
| 250 | _a1a ed. | ||
| 260 |
_aESPAÑA : _bHERDER, _c1987 |
||
| 300 |
_a3 _cx 14.2 x 21.5 |
||
| 490 | _aBIBLIOTECA HERDER SECCION DE TEOLOGIA Y FILOSOFIA | ||
| 520 | _aESTUDIA UN PERIODO CORTE (LOS SIGLOS XV, XVI Y XVII), INCLUYE LOS FENOMENOS HISTORICOS DE LA PRERREFORMA, LAS REFORMAS CATOLICA Y PROTESTANTE Y LA CONTRARREFORMA. | ||
| 650 | 1 | 4 |
_aIGLESIA _xHISTORIA _xEDAD MODERNA, 1500 |
| 999 |
_c39358 _d39358 |
||